[Event "Mittelrhein Verbandsliga-M 15/16"]
[Site "Nordrheinwestfalen"]
[Date "2015.09.27"]
[Round "2.8"]
[White "Lantsman, Boris"]
[Black "Ipekyilmaz, Mert"]
[Result "1/2-1/2"]
[WhiteElo "1789"]
[BlackElo "1287"]
[PlyCount "100"]
[EventDate "2015.09.06"]
[EventType "team-tourn"]
[EventRounds "11"]
[EventCountry "GER"]
[SourceTitle "EXT 2022"]
[Source "ChessBase"]
[SourceDate "2021.10.06"]
[SourceVersion "1"]
[SourceVersionDate "2021.10.06"]
[SourceQuality "1"]
[WhiteTeam "Koeln Longerich"]
[BlackTeam "Langenfeld II"]
[WhiteTeamCountry "GER"]
[BlackTeamCountry "GER"]

1. e4 d5 2. exd5 Qxd5 3. Nf3 Qe6+ 4. Qe2 Nf6 5. Nc3 Qxe2+ 6. Bxe2 a6 7. 0-0 Nc6 8. d4 Bf5 9. Bf4 0-0-0 10. Ne5 Nxe5 11. Bxe5 Bxc2 12. Rac1 Bf5 13. Na4 Kd7 14. Rxc7+ Ke8 15. Rxb7 Rd7 16. Bxa6 Rxb7 17. Bxb7 Nd7 18. Bc6 Kd8 19. Bxd7 Kxd7 20. Rc1 f6 21. Bg3 Ke6 22. Rc8 g5 23. f3 Bg7 24. Rxh8 Bxh8 25. Nc3 Bg6 26. Kf1 f5 27. Bf2 Kd6 28. g3 e5 29. dxe5+ Bxe5 30. Ke1 Bf7 31. a3 Bh5 32. g4 fxg4 33. fxg4 Bxg4 34. Bg3 Bxg3+ 35. hxg3 Ke5 36. Kd2 Bf3 37. Ke3 Bb7 38. Ne2 h5 39. Nd4 Kf6 40. b4 h4 41. gxh4 gxh4 42. Kf4 Ke7 43. Kg4 Kd6 44. Nb5+ Kd5 45. Kxh4 Bc6 46. Na7 Ba4 47. Nc8 Kd4 48. Nd6 Kc3 49. b5 Bxb5 50. Nxb5+ Kb3 1/2-1/2

[Event "Cologne Longerich op-A 10th"]
[Site "Cologne"]
[Date "2013.07.19"]
[Round "1"]
[White "Rost, Vincent"]
[Black "Lantsman, Boris"]
[Result "1/2-1/2"]
[WhiteElo "1739"]
[BlackElo "1870"]
[PlyCount "61"]
[EventDate "2013.07.19"]
[EventType "tourn"]
[EventRounds "5"]
[EventCountry "GER"]
[SourceTitle "EXT 2017"]
[Source "ChessBase"]
[SourceDate "2016.10.25"]
[SourceVersion "1"]
[SourceVersionDate "2016.10.25"]
[SourceQuality "1"]

1. c4 e6 2. Nc3 Nf6 3. g3 Bb4 4. Bg2 0-0 5. Nf3 d5 6. cxd5 exd5 7. a3 Ba5 8. b4 Bb6 9. d4 a5 10. b5 c5 11. dxc5 Bxc5 12. e3 Bg4 13. 0-0 h6 14. Bb2 Qd6 15. Qd3 Rd8 16. Nd4 Nbd7 17. Nce2 Ne5 18. Qc2 Rac8 19. Qb3 Nc4 20. Rfe1 Re8 21. Nf4 Nxb2 22. Qxb2 Bd7 23. a4 Bb4 24. Rec1 Ne4 25. Qb3 Bc3 26. Ra2 Bxd4 27. Rxc8 Rxc8 28. exd4 Nf6 29. Rc2 Rxc2 30. Qxc2 b6 31. Qb3 1/2-1/2

[Event "Cologne Longerich op 09th"]
[Site "Cologne"]
[Date "2012.08.05"]
[Round "5"]
[White "Fieberg, Christoph"]
[Black "Lantsman, Boris"]
[Result "1/2-1/2"]
[WhiteElo "1765"]
[BlackElo "1778"]
[PlyCount "105"]
[EventDate "2012.08.03"]
[EventType "tourn"]
[EventRounds "5"]
[EventCountry "GER"]
[SourceTitle "EXT 2017"]
[Source "ChessBase"]
[SourceDate "2016.10.25"]
[SourceVersion "1"]
[SourceVersionDate "2016.10.25"]
[SourceQuality "1"]

1. e4 e5 2. Nf3 Nc6 3. Bc4 Be7 4. 0-0 Nf6 5. c3 Nxe4 6. Re1 d5 7. Bb5 f6 8. d4 exd4 9. Nxd4 Qd7 10. f3 Nd6 11. Rxe7+ Kxe7 12. Ba4 Nc4 13. b3 Nb6 14. Ba3+ Kf7 15. Bb5 a6 16. Bd3 Nxd4 17. cxd4 Qe6 18. Qd2 Re8 19. Kf2 Nd7 20. Nc3 c6 21. Ne2 Kg8 22. Nf4 Qf7 23. g4 Nf8 24. Bc2 Ne6 25. Qd3 f5 26. Ne2 g6 27. Rg1 Ng5 28. Nf4 fxg4 29. Bd6 Bf5 30. Qc3 Nxf3 31. Rg3 Bxc2 32. Rxg4 Be4 33. Kg3 Qf6 34. Bc5 h5 35. Nxh5 Qf5 36. Nf4 Re6 37. Nxe6 Qxe6 38. Qe3 Nxh2 39. Rf4 Nf3 40. Rxf3 Re8 41. Rf2 Bf5 42. Qxe6+ Rxe6 43. Kf3 Kg7 44. Rh2 Kg8 45. a4 Re1 46. a5 Re8 47. Bd6 Rd8 48. Be5 Rd7 49. Rh8+ Kf7 50. Kf4 Ke6 51. Re8+ Re7 52. Rxe7+ Kxe7 53. b4 1/2-1/2

[Event "Cologne Longerich op 09th"]
[Site "Cologne"]
[Date "2012.08.05"]
[Round "3"]
[White "Lambertz, Michael"]
[Black "Lantsman, Boris"]
[Result "1-0"]
[WhiteElo "1955"]
[BlackElo "1778"]
[PlyCount "43"]
[EventDate "2012.08.03"]
[EventType "tourn"]
[EventRounds "5"]
[EventCountry "GER"]
[SourceTitle "EXT 2017"]
[Source "ChessBase"]
[SourceDate "2016.10.25"]
[SourceVersion "1"]
[SourceVersionDate "2016.10.25"]
[SourceQuality "1"]

1. e4 d6 2. Nc3 Nc6 3. Bc4 Nf6 4. d3 a6 5. a4 e6 6. Bg5 Be7 7. f4 h6 8. Bh4 d5 9. exd5 exd5 10. Bxf6 Bxf6 11. Nxd5 Bxb2 12. Rb1 Ba3 13. Qe2+ Be6 14. f5 Nd4 15. Qe5 Nxf5 16. Nxc7+ Kf8 17. Nxa8 Bd6 18. Qe4 Bxc4 19. Qxf5 Bd5 20. Nf3 g6 21. Qg4 Qxa8 22. Qd4 1-0

[Event "Cologne Longerich op 8th"]
[Site "Cologne"]
[Date "2011.08.13"]
[Round "3"]
[White "Mladenov, Svetlin"]
[Black "Lantsman, Boris"]
[Result "1-0"]
[WhiteElo "2406"]
[BlackElo "1763"]
[PlyCount "117"]
[EventDate "2011.08.12"]
[EventType "swiss"]
[EventRounds "5"]
[EventCountry "GER"]
[SourceTitle "EXT 2017"]
[Source "ChessBase"]
[SourceDate "2016.10.25"]
[SourceVersion "1"]
[SourceVersionDate "2016.10.25"]
[SourceQuality "1"]

1. e4 e5 2. Nf3 Nc6 3. Bb5 a6 4. Ba4 Nf6 5. 0-0 Be7 6. Re1 d6 7. c3 Bg4 8. d3 0-0 9. Nbd2 b5 10. Bb3 Na5 11. Bc2 c5 12. h3 Bd7 13. Nf1 h6 14. Ng3 Nh7 15. d4 Qc7 16. Nf5 Bxf5 17. exf5 Bf6 18. dxe5 dxe5 19. Qe2 Rfe8 20. a4 Rab8 21. axb5 axb5 22. Qe4 Nc4 23. Ra6 Rb6 24. Rxb6 Nxb6 25. b3 Rd8 26. h4 Nd5 27. c4 bxc4 28. Qxc4 Nb6 29. Qg4 Kh8 30. Qg3 Re8 31. Bb2 Nd7 32. Bd3 Re7 33. Bc4 Nb6 34. Nxe5 Nxc4 35. bxc4 Qb6 36. Bc3 Kg8 37. Ra1 Qb7 38. Rd1 Qc7 39. Rd5 Qc8 40. Ng4 Bxc3 41. Qxc3 h5 42. Qd2 Re8 43. Ne3 Nf6 44. Rd3 Kh7 45. Qd1 Qc7 46. Nd5 Nxd5 47. Rxd5 Qf4 48. Rxc5 Qxh4 49. g3 Qg5 50. Kg2 Kg8 51. Qd7 Qd8 52. Qxd8 Rxd8 53. Rd5 Rc8 54. c5 Kf8 55. Kh3 Rc7 56. Kh4 g6 57. fxg6 fxg6 58. Rd6 Kf7 59. c6 1-0

[Event "Cologne Longerich op 8th"]
[Site "Cologne"]
[Date "2011.08.12"]
[Round "1"]
[White "Juergens, Oliver"]
[Black "Lantsman, Boris"]
[Result "1/2-1/2"]
[WhiteElo "1606"]
[BlackElo "1763"]
[PlyCount "113"]
[EventDate "2011.08.12"]
[EventType "swiss"]
[EventRounds "5"]
[EventCountry "GER"]
[SourceTitle "CBM 144 Extra"]
[Source "ChessBase"]
[SourceDate "2011.10.28"]
[SourceVersion "1"]
[SourceVersionDate "2011.10.28"]
[SourceQuality "1"]

1. d4 e6 2. c4 Nf6 3. Nc3 Bb4 4. Bd2 b6 5. Nf3 Bb7 6. e3 0-0 7. Bd3 d5 8. a3 Bxc3 9. Bxc3 Nbd7 10. 0-0 Re8 11. cxd5 exd5 12. Re1 Ne4 13. Qc2 Rc8 14. Nd2 Ndf6 15. b4 Nxc3 16. Qxc3 g6 17. Rac1 Qd6 18. h3 Re7 19. Qb3 c5 20. bxc5 bxc5 21. dxc5 Rxc5 22. Qb4 Rc6 23. Qxd6 Rxd6 24. Nf3 Ba6 25. Red1 Rb6 26. Bxa6 Rxa6 27. Rd3 Kg7 28. Nd4 Re4 29. Rc7 Kf8 30. Rb3 Re7 31. Rxe7 Kxe7 32. Rb7+ Kf8 33. Nb5 Rb6 34. Rxb6 axb6 35. Nc3 Ke7 36. Kf1 Kd6 37. Ke2 Kc5 38. Kd3 b5 39. g4 Nd7 40. f4 f5 41. Ne2 fxg4 42. hxg4 h6 43. Nd4 Nf8 44. f5 g5 45. e4 Nd7 46. Nf3 dxe4+ 47. Kxe4 Nf6+ 48. Ke5 Nxg4+ 49. Ke6 Kc6 50. Nh2 h5 51. f6 Nh6 52. f7 Nxf7 53. Kxf7 g4 54. Kg6 g3 55. Nf3 Kd5 56. Kxh5 Ke4 57. Kg4 1/2-1/2

[Event "Niedersachsen-ch Seniors op 13th"]
[Site "Bad Bevensen"]
[Date "2010.07.13"]
[Round "8"]
[White "Fitzke, Ulrich"]
[Black "Lantsman, Boris"]
[Result "0-1"]
[WhiteElo "1848"]
[BlackElo "1757"]
[PlyCount "78"]
[EventDate "2010.07.06"]
[EventType "swiss"]
[EventRounds "9"]
[EventCountry "GER"]
[SourceTitle "EXT 2012"]
[Source "ChessBase"]
[SourceDate "2011.11.24"]
[SourceVersion "1"]
[SourceVersionDate "2011.11.24"]
[SourceQuality "1"]

1. d4 e6 2. c4 Nf6 3. Nc3 Bb4 4. Bd2 b6 5. e3 Bb7 6. Nf3 0-0 7. Be2 d5 8. 0-0 Nbd7 9. Rc1 c5 10. a3 Bxc3 11. Bxc3 Ne4 12. cxd5 Nxc3 13. Rxc3 Bxd5 14. dxc5 Nxc5 15. Nd4 Qg5 16. Bf3 Rfd8 17. Bxd5 Qxd5 18. Qc2 g6 19. Rc1 Ne4 20. Rc4 Nd6 21. Nc6 Qxc4 22. Qd1 Qe4 23. Nxd8 Rxd8 24. h3 Qd5 25. Qe2 Qb5 26. Qd2 Qd5 27. Qe2 Rc8 28. Rd1 Qc4 29. Qd2 Rd8 30. Rc1 Qd5 31. Qe2 Ne4 32. Rf1 Qd2 33. Qc4 Nc5 34. b4 Qd3 35. Qa2 Nb3 36. Rb1 Nd2 37. Rc1 Ne4 38. Rc7 Qd1+ 39. Kh2 Qd6+ 0-1

[Event "Niedersachsen-ch Seniors op 13th"]
[Site "Bad Bevensen"]
[Date "2010.07.10"]
[Round "5"]
[White "Lantsman, Boris"]
[Black "Schumann, Wolfgang"]
[Result "1-0"]
[WhiteElo "1757"]
[BlackElo "1498"]
[PlyCount "53"]
[EventDate "2010.07.06"]
[EventType "swiss"]
[EventRounds "9"]
[EventCountry "GER"]
[SourceTitle "EXT 2012"]
[Source "ChessBase"]
[SourceDate "2011.11.24"]
[SourceVersion "1"]
[SourceVersionDate "2011.11.24"]
[SourceQuality "1"]

1. e4 e5 2. Nf3 Nf6 3. Nc3 Bb4 4. Bc4 d6 5. d3 h6 6. 0-0 0-0 7. h3 Nc6 8. Be3 Bxc3 9. bxc3 d5 10. exd5 Nxd5 11. Bd2 Bf5 12. Re1 Rb8 13. Bb5 Qf6 14. Bxc6 bxc6 15. c4 Nb6 16. Bc3 Nd7 17. Rb1 Qd6 18. Bb2 c5 19. Nh4 Bh7 20. Qf3 f6 21. Nf5 Qe6 22. Ne3 c6 23. Ng4 Bf5 24. Ne3 Bg6 25. Bc3 Rb6 26. Rb3 Rfb8 27. g4 1-0

[Event "Niedersachsen-ch Seniors op 13th"]
[Site "Bad Bevensen"]
[Date "2010.07.09"]
[Round "4"]
[White "Miessner, Rolf"]
[Black "Lantsman, Boris"]
[Result "0-1"]
[WhiteElo "1577"]
[BlackElo "1757"]
[PlyCount "58"]
[EventDate "2010.07.06"]
[EventType "swiss"]
[EventRounds "9"]
[EventCountry "GER"]
[SourceTitle "EXT 2012"]
[Source "ChessBase"]
[SourceDate "2011.11.24"]
[SourceVersion "1"]
[SourceVersionDate "2011.11.24"]
[SourceQuality "1"]

1. e4 e5 2. Nf3 Nc6 3. d4 exd4 4. Nxd4 Nf6 5. Nc3 Be7 6. g3 0-0 7. Bg2 d6 8. h3 a6 9. a4 Bd7 10. 0-0 Re8 11. Be3 Bf8 12. f4 Nxd4 13. Bxd4 Bc6 14. Re1 Nd7 15. b3 Be7 16. Nd5 Bxd5 17. exd5 Bf6 18. Bxf6 Qxf6 19. Qd2 Nc5 20. Rad1 Kf8 21. Rxe8+ Rxe8 22. Re1 Rxe1+ 23. Qxe1 Qb2 24. Qf2 a5 25. Bf3 g6 26. g4 Qc1+ 27. Kg2 Qxf4 28. Qe2 Qe5 29. Qc4 Kg7 0-1

[Event "Niedersachsen-ch Seniors op 13th"]
[Site "Bad Bevensen"]
[Date "2010.07.07"]
[Round "2"]
[White "Duemmke, Juergen"]
[Black "Lantsman, Boris"]
[Result "1-0"]
[WhiteElo "1953"]
[BlackElo "1757"]
[PlyCount "55"]
[EventDate "2010.07.06"]
[EventType "swiss"]
[EventRounds "9"]
[EventCountry "GER"]
[SourceTitle "EXT 2012"]
[Source "ChessBase"]
[SourceDate "2011.11.24"]
[SourceVersion "1"]
[SourceVersionDate "2011.11.24"]
[SourceQuality "1"]

1. e4 e5 2. Nf3 Nc6 3. Bc4 d6 4. c3 Be7 5. d4 exd4 6. Qb3 Na5 7. Bxf7+ Kf8 8. Qa4 Kxf7 9. Qxa5 dxc3 10. Nxc3 c6 11. Qxd8 Bxd8 12. Bf4 Be7 13. 0-0-0 Nf6 14. Bxd6 Bxd6 15. Rxd6 Re8 16. Rhd1 h6 17. e5 Ng4 18. Re1 h5 19. Ne4 Bf5 20. Ng3 g6 21. Nxf5 gxf5 22. Ng5+ Kg7 23. f4 Re7 24. h3 Nh6 25. Re3 Rg8 26. Red3 Rge8 27. Rf6 Ng8 28. Rdd6 1-0

[Event "Niedersachsen-ch Seniors op 13th"]
[Site "Bad Bevensen"]
[Date "2010.07.06"]
[Round "1"]
[White "Lantsman, Boris"]
[Black "Traut, Alexander"]
[Result "1-0"]
[WhiteElo "1757"]
[BlackElo "1358"]
[PlyCount "79"]
[EventDate "2010.07.06"]
[EventType "swiss"]
[EventRounds "9"]
[EventCountry "GER"]
[SourceTitle "EXT 2012"]
[Source "ChessBase"]
[SourceDate "2011.11.24"]
[SourceVersion "1"]
[SourceVersionDate "2011.11.24"]
[SourceQuality "1"]

1. e4 e5 2. Nf3 Nc6 3. Bb5 Nge7 4. c3 d6 5. d4 Bd7 6. 0-0 h6 7. Be3 Ng6 8. Qd2 a6 9. Ba4 b5 10. Bc2 Be7 11. Bd3 Bg4 12. Be2 Bxf3 13. Bxf3 Bg5 14. g3 Bxe3 15. fxe3 h5 16. Qf2 Qe7 17. Nd2 Nd8 18. Be2 Qd7 19. Qf5 Qxf5 20. Rxf5 h4 21. a4 bxa4 22. Rxa4 a5 23. b4 c6 24. Nc4 Ke7 25. dxe5 d5 26. exd5 cxd5 27. Nb6 Rb8 28. Nxd5+ Ke6 29. e4 Nxe5 30. Rxa5 f6 31. Ra6+ Kf7 32. Ra7+ Kf8 33. g4 Ne6 34. Re7 Re8 35. Rxe8+ Kxe8 36. Bb5+ Kf7 37. h3 Ng5 38. Rxg5 fxg5 39. Kg2 Re8 40. Bxe8+ 1-0

[Event "GER-ch Seniors-B 20th"]
[Site "Erfurt"]
[Date "2008.08.13"]
[Round "9"]
[White "Polifka, Wilfried"]
[Black "Lantsman, Boris"]
[Result "0-1"]
[WhiteElo "1561"]
[BlackElo "1692"]
[PlyCount "96"]
[EventDate "2008.08.05"]
[EventType "swiss"]
[EventRounds "9"]
[EventCountry "GER"]
[SourceTitle "CBM 126 Extra"]
[Source "ChessBase"]
[SourceDate "2008.11.05"]
[SourceVersion "1"]
[SourceVersionDate "2008.11.05"]
[SourceQuality "1"]

1. f4 f5 2. Nf3 Nf6 3. e3 g6 4. Bc4 e6 5. 0-0 Bg7 6. Ng5 0-0 7. d4 c6 8. Nd2 Re8 9. Ndf3 d6 10. Bb3 Qe7 11. c4 Kh8 12. Qe1 c5 13. d5 e5 14. fxe5 dxe5 15. Nxe5 Rf8 16. Nef3 h6 17. Nh4 Qe8 18. Ne6 Bxe6 19. dxe6 Kh7 20. Qg3 Ne4 21. Qc7 Qxe6 22. Qxb7 Nc6 23. Ba4 Nb4 24. a3 Nd3 25. Bb5 Rfd8 26. b4 Nd6 27. Qa6 Bxa1 28. bxc5 Nxc1 29. cxd6 Bg7 30. Re1 Nd3 31. Re2 Nc5 32. Qc6 Qxd6 33. Qf3 Qd1+ 34. Qf1 Ne4 35. Re1 Qb3 36. Nf3 Rd3 37. Rb1 Qxa3 38. c5 Rxe3 39. c6 Qc5 40. Kh1 Rc3 41. g3 Rc2 42. Be2 Re8 43. Re1 Nf2+ 44. Kg2 Nd3 45. Ng1 Nxe1+ 46. Qxe1 Qe3 47. Kf1 Bd4 48. Nf3 Rxe2 0-1

[Event "GER-ch Seniors-B 20th"]
[Site "Erfurt"]
[Date "2008.08.09"]
[Round "5"]
[White "Schwichtenberg, Juergen"]
[Black "Lantsman, Boris"]
[Result "0-1"]
[WhiteElo "1636"]
[BlackElo "1692"]
[PlyCount "84"]
[EventDate "2008.08.05"]
[EventType "swiss"]
[EventRounds "9"]
[EventCountry "GER"]
[SourceTitle "CBM 126 Extra"]
[Source "ChessBase"]
[SourceDate "2008.11.05"]
[SourceVersion "1"]
[SourceVersionDate "2008.11.05"]
[SourceQuality "1"]

1. b4 e5 2. Bb2 d6 3. b5 b6 4. c4 Bb7 5. e3 Nf6 6. Nf3 Nbd7 7. d4 Qe7 8. Be2 g6 9. 0-0 Bg7 10. Nc3 0-0 11. a4 Rfd8 12. d5 Nc5 13. Qc2 Bc8 14. Nd2 Bf5 15. e4 Bc8 16. Ba3 Nfd7 17. Bb2 Bh6 18. Nf3 a5 19. Bc1 Bg7 20. Bg5 f6 21. Be3 Rf8 22. Ra3 f5 23. exf5 gxf5 24. Bg5 Qf7 25. Be3 h6 26. Qc1 f4 27. Bxc5 Nxc5 28. Nd2 Bf5 29. Bf3 Qg6 30. Qe1 Bd3 31. Be2 f3 32. Nxf3 e4 33. Nh4 Qg5 34. g3 Rae8 35. Ng2 Bd4 36. h4 Qe5 37. Nf4 Rxf4 38. gxf4 Qxf4 39. Kg2 Qxh4 40. Nd1 Re7 41. Ne3 Bxe3 42. Qd1 Rg7+ 0-1

[Event "GER-ch Seniors-B 20th"]
[Site "Erfurt"]
[Date "2008.08.06"]
[Round "2"]
[White "Lantsman, Boris"]
[Black "Wolff, Heinz"]
[Result "1-0"]
[WhiteElo "1692"]
[BlackElo "1315"]
[PlyCount "123"]
[EventDate "2008.08.05"]
[EventType "swiss"]
[EventRounds "9"]
[EventCountry "GER"]
[SourceTitle "CBM 126 Extra"]
[Source "ChessBase"]
[SourceDate "2008.11.05"]
[SourceVersion "1"]
[SourceVersionDate "2008.11.05"]
[SourceQuality "1"]

1. e4 c5 2. Nf3 d6 3. d4 cxd4 4. Nxd4 Nf6 5. Nc3 a6 6. Be2 e6 7. 0-0 Be7 8. Kh1 Nbd7 9. f4 e5 10. Nf5 0-0 11. Nxd6 Qc7 12. fxe5 Nxe5 13. Nxc8 Raxc8 14. Bf4 Bd6 15. Qe1 Ng6 16. Bxd6 Qxd6 17. Bf3 Ne5 18. Qe2 Rfe8 19. Rab1 b5 20. Rfd1 Qc5 21. Qd2 b4 22. Nd5 a5 23. Ne3 Nc4 24. Nxc4 Qxc4 25. Rdc1 Nxe4 26. Bxe4 Qxe4 27. Re1 Qc6 28. a3 h6 29. axb4 Rxe1+ 30. Rxe1 axb4 31. Re2 b3 32. c3 Qa4 33. h3 Qc4 34. Rf2 Qe6 35. Qe2 Qxe2 36. Rxe2 Kf8 37. Kg1 Rd8 38. Kf2 f6 39. Ke3 Kf7 40. Rd2 Rc8 41. Rd4 Rb8 42. Kd3 Ke6 43. c4 Rb7 44. Kc3 f5 45. c5 Rc7 46. Kc4 g5 47. Rd3 h5 48. Re3+ Kf6 49. Rxb3 Ke5 50. Rd3 f4 51. b4 g4 52. Rd5+ Ke4 53. hxg4 hxg4 54. Rg5 g3 55. b5 Ra7 56. b6 f3 57. Rxg3 f2 58. Rf3 Ra2 59. b7 Rc2+ 60. Kb5 Rc1 61. Rxf2 Rb1+ 62. Rb2 1-0

[Event "Niedersachsen-ch Seniors op 10th"]
[Site "Bad Bevensen"]
[Date "2007.07.04"]
[Round "2"]
[White "Blum, Alfred"]
[Black "Lantsman, Boris"]
[Result "1-0"]
[WhiteElo "1816"]
[BlackElo "1742"]
[PlyCount "145"]
[EventDate "2007.07.03"]
[EventType "swiss"]
[EventRounds "9"]
[EventCountry "GER"]
[SourceTitle "EXT 2022"]
[Source "ChessBase"]
[SourceDate "2021.10.06"]
[SourceVersion "1"]
[SourceVersionDate "2021.10.06"]
[SourceQuality "1"]

1. c4 Nf6 2. Nc3 e6 3. g3 d5 4. d4 Nbd7 5. Bg2 c6 6. b3 Bb4 7. Bd2 0-0 8. Nf3 Re8 9. 0-0 dxc4 10. bxc4 Nb6 11. Qb3 c5 12. a3 Bxc3 13. Bxc3 Ne4 14. Bb2 Qc7 15. Rac1 Bd7 16. Qd3 f5 17. Ne5 Nf6 18. dxc5 Na4 19. Bd4 Rad8 20. Qe3 Ng4 21. Nxg4 fxg4 22. Qg5 e5 23. Bd5+ Kh8 24. Be3 Be6 25. Rfd1 h6 26. Qg6 Qe7 27. Bxe6 Qxe6 28. Qxe6 Rxd1+ 29. Rxd1 Rxe6 30. Rd8+ Kh7 31. Rd7 b6 32. Rd6 Re7 33. cxb6 axb6 34. Bxb6 Nxb6 35. Rxb6 Ra7 36. Rb3 Rc7 37. Rc3 Rc5 38. Kf1 Kg6 39. e4 Kf6 40. Ke2 Ke6 41. Kd3 Kd6 42. Rb3 Ra5 43. Kc3 Kc6 44. Kb4 Ra8 45. a4 Rd8 46. Kc3 Rd1 47. Ra3 Rc1+ 48. Kd3 Rd1+ 49. Ke2 Rd4 50. a5 Rxe4+ 51. Kd3 Rd4+ 52. Kc3 Kb7 53. a6+ Ka7 54. Ra5 Rd6 55. c5 Rd1 56. Ra2 Rc1+ 57. Kb4 Rb1+ 58. Kc4 g5 59. Kd5 Rc1 60. c6 e4 61. Kxe4 Rxc6 62. Kf5 Rb6 63. Kxg4 Rf6 64. h4 gxh4 65. Kxh4 Rf5 66. Kg4 Rg5+ 67. Kf4 Rb5 68. g4 Rg5 69. f3 Rb5 70. Ra3 Rg5 71. Kg3 Rg6 72. f4 Rf6 73. g5 1-0

[Event "Wuerttemberg-ch Seniors 18th"]
[Site "Freudenstadt"]
[Date "2006.05.10"]
[Round "7"]
[White "Claus, Joachim"]
[Black "Lantsman, Boris"]
[Result "1-0"]
[WhiteElo "1736"]
[BlackElo "1717"]
[PlyCount "95"]
[EventDate "2006.05.04"]
[EventType "swiss"]
[EventRounds "9"]
[EventCountry "GER"]
[SourceTitle "EXT 2007"]
[Source "ChessBase"]
[SourceDate "2006.11.23"]
[SourceVersion "1"]
[SourceVersionDate "2006.11.23"]
[SourceQuality "1"]

1. f4 Nc6 2. Nf3 e6 3. e3 b6 4. b3 Be7 5. Bb2 Bf6 6. Nc3 Bb7 7. Be2 Nge7 8. 0-0 d6 9. a4 Nd5 10. Rb1 Nxc3 11. dxc3 0-0 12. Nd4 Nxd4 13. cxd4 c5 14. c3 Rc8 15. Qd2 cxd4 16. cxd4 Be4 17. Rbc1 Rxc1 18. Rxc1 Qa8 19. Bf1 Rc8 20. Ba3 Be7 21. Rc3 Rxc3 22. Qxc3 Qc6 23. Qxc6 Bxc6 24. Bd3 h6 25. g3 Bf3 26. Bc2 Kf8 27. Kf2 Bb7 28. h4 Bc6 29. e4 d5 30. Bxe7+ Kxe7 31. e5 f5 32. h5 Be8 33. Bd1 g6 34. hxg6 Bxg6 35. Kg2 Kf7 36. Kh3 Ke7 37. Kh4 Kf7 38. Bc2 Ke7 39. g4 Kf7 40. gxf5 exf5 41. Bd1 a5 42. Bf3 Ke6 43. Bh5 Bf7 44. Bxf7+ Kxf7 45. Kh5 Kg7 46. e6 Kf6 47. Kxh6 Ke7 48. Kg7 1-0

[Event "GER-ch Seniors-B 17th"]
[Site "Essen"]
[Date "2005.08.28"]
[Round "8"]
[White "Krueger, Manfred"]
[Black "Lantsman, Boris"]
[Result "0-1"]
[WhiteElo "1382"]
[BlackElo "1690"]
[PlyCount "64"]
[EventDate "2005.08.20"]
[EventType "swiss"]
[EventRounds "9"]
[EventCountry "GER"]
[SourceTitle "CBM 108 Extra"]
[Source "ChessBase"]
[SourceDate "2005.11.04"]
[SourceVersion "1"]
[SourceVersionDate "2005.11.04"]
[SourceQuality "1"]

1. e4 e6 2. d4 d5 3. exd5 exd5 4. Nf3 Nf6 5. Be2 Bd6 6. 0-0 0-0 7. b3 Bf5 8. Bb2 Nbd7 9. c4 c6 10. Re1 Re8 11. cxd5 Nxd5 12. Nc3 Bb4 13. Rc1 N7f6 14. a3 Nxc3 15. Bxc3 Bxa3 16. Ra1 Bd6 17. Ne5 Nd5 18. Ba5 Qf6 19. Nc4 Bf8 20. Ne5 Bb4 21. Bxb4 Nxb4 22. Ng4 Bxg4 23. Qd2 Rxe2 24. Rxe2 Bxe2 25. Qxb4 Bb5 26. Qc5 a6 27. Re1 g6 28. Qb6 Rd8 29. Qxb7 Qxd4 30. h3 Qd2 31. Re7 Qc1+ 32. Kh2 Qf4+ 0-1

[Event "GER-chB Seniors 16th"]
[Site "Templin"]
[Date "2004.09.07"]
[Round "4"]
[White "Lantsman, Boris"]
[Black "Sarkosch, Nerssi"]
[Result "0-1"]
[WhiteElo "1768"]
[BlackElo "1907"]
[PlyCount "63"]
[EventDate "2004.09.04"]
[EventType "swiss"]
[EventRounds "9"]
[EventCountry "GER"]
[SourceTitle "EXT 2005"]
[Source "ChessBase"]
[SourceDate "2004.11.15"]
[SourceVersion "1"]
[SourceVersionDate "2004.11.15"]
[SourceQuality "1"]

1. e4 d6 2. d4 g6 3. f4 Nf6 4. Nc3 Bg7 5. Nf3 0-0 6. Bd3 Na6 7. a3 c5 8. d5 Rb8 9. 0-0 Nc7 10. Qe2 a6 11. Nd1 b5 12. c3 Re8 13. h3 e6 14. dxe6 Bxe6 15. Ng5 Bd5 16. Qc2 Bc6 17. f5 c4 18. fxg6 fxg6 19. Be2 Nxe4 20. Bf3 d5 21. Bxe4 dxe4 22. Bf4 Qd7 23. Ne3 Rbd8 24. Rad1 Qe7 25. Rxd8 Qxd8 26. Nf7 Qd7 27. Nd6 Rf8 28. Nxe4 Qe7 29. Bxc7 Rxf1+ 30. Nxf1 Bxe4 31. Qe2 Qxc7 32. Qxe4 0-1

[Event "GER North-ch Seniors 6th"]
[Site "Bad Bevensen"]
[Date "2003.06.29"]
[Round "9"]
[White "Neubert, Gerhard"]
[Black "Lantsman, Boris"]
[Result "1-0"]
[WhiteElo "1994"]
[BlackElo "1814"]
[PlyCount "66"]
[EventDate "2003.06.??"]
[EventType "swiss"]
[EventRounds "9"]
[EventCountry "GER"]
[SourceTitle "EXT 2006"]
[Source "ChessBase"]
[SourceDate "2005.11.24"]
[SourceVersion "1"]
[SourceVersionDate "2005.11.24"]
[SourceQuality "1"]

1. e4 c5 2. Nf3 Nc6 3. Bb5 e6 4. c4 Nd4 5. Nxd4 cxd4 6. 0-0 Ne7 7. d3 Nc6 8. f4 Be7 9. Qg4 g6 10. Na3 Nb4 11. Rd1 0-0 12. Ba4 a6 13. Nc2 Nxc2 14. Bxc2 d6 15. a4 Bd7 16. b3 Bc6 17. Qg3 f5 18. Qh3 Bf6 19. Ba3 Qd7 20. e5 Be7 21. Rac1 d5 22. Bb2 dxc4 23. bxc4 Rf7 24. Qg3 Rg7 25. Qf2 g5 26. g3 gxf4 27. Qxf4 Rg4 28. Qf2 Rf8 29. Ra1 Rg7 30. Bc1 Bg5 31. Bf4 Bxf4 32. Qxf4 Rd8 33. Qh4 Kh8 1-0